MARC

LEADER 00000nam0a2200000 4500
001 369893
005 20231102012228.0
035 |a (RuTPU)RU\TPU\retro\27300 
090 |a 369893 
100 |a 20220607d1980 k y0rusy50 ca 
101 0 |a rus 
102 |a RU 
105 |a y z 001zy 
200 1 |a Современная геометрия (вопросы дифференциальной геометрии)  |e межвузовский сборник научных трудов  |f Ленинградский государственный педагогический институт им. А. И. Герцена 
210 |a Ленинград  |c [Б. и.]  |d 1980 
215 |a 100 с. 
320 |a Библиография в конце статей 
606 1 |a Геометрия  |2 stltpush  |3 (RuTPU)RU\TPU\subj\6171  |9 34123 
610 1 |a евклидовы пространства 
610 1 |a поверхности 
610 1 |a конформное отображение 
610 1 |a поверхности вращения 
610 1 |a абсолютная средняя интегральная кривизна 
610 1 |a трехмерное пространство Лобачевского 
610 1 |a гомологии 
610 1 |a гладкие многообразия 
610 1 |a гиперповерхности 
610 1 |a выпуклость 
610 1 |a обобщенные подэрные отображения 
675 |a 514  |v 4 
712 0 2 |a Ленинградский государственный педагогический институт им. А. И. Герцена  |2 stltpush  |3 (RuTPU)RU\TPU\col\8005  |9 24447 
801 1 |a RU  |b 63413507  |c 20220607 
942 |c BK